| 000 | 00545nam a2200181Ia 4500 | ||
|---|---|---|---|
| 003 | IN-BaIIA | ||
| 008 | 211028s9999 xx 000 0 eng d | ||
| 040 | _cIIA Library | ||
| 080 |
_a621.039 _bHAR |
||
| 100 |
_aHarper, W. R. _94983 |
||
| 245 | 0 |
_aBasic principles of fission reactors _cW. R. Harper |
|
| 260 |
_aNew York _bInterscience Publishers _c1961 |
||
| 300 | _aviii, 314p. | ||
| 650 |
_aFission products _94984 |
||
| 650 |
_aFission reactors _94985 |
||
| 650 | _aNASA Thesaurus | ||
| 942 | _cBK | ||
| 999 |
_c2785 _d2785 |
||